000 00639nam a2200229Ia 4500
003 OSt
005 20220918190914.0
006 a|||||r|||| 00| 0
007 ta
008 220917b |||||||| |||| 00| 0 eng d
024 _a60,348
037 _cTextual
040 _aARTS
_cARTS
_beng
041 _2eng
_aeng
082 _aQ4:5, L4
100 _aTzong Kha-pa R J E
_974085
245 0 _aLines of experience
_b the main aspects of the practice of the stages on the graded path to enlightment
260 _c1974
650 _aRELIGION
942 _hQ4:5, L4
_cTEXL
_2CC
999 _c187299
_d187299